00397nam a2200157Ia 45000010006000000050017000060080041000230410008000640820015000721000026000872450067001132600009001803000034001896500008002236540008002311939120260306172649.0260306t2010||||xx |||||||||||||| ||spa|| aESP a659.1bC71 aClow, Kenneth E.eAUT 0aPublicidad, promoción y comunicación integral en marketing c2010 axiii, 454 páginas :c27 cm. aGEN aCAN